| 000 | 00553nam a22002057a 4500 | ||
|---|---|---|---|
| 003 | OSt | ||
| 005 | 20140310182821.0 | ||
| 008 | 130304t xxu||||| |||| 00| 0 eng d | ||
| 020 | _a1579900321 | ||
| 050 |
_aTT 615 _b.M429 1998 |
||
| 082 |
_aM 646.45 _bM42 1998 |
||
| 245 |
_aQuick and easy vests & jackets _bcreative fashions to sew _cMathews, Kate |
||
| 260 |
_aAsheville, NC _bLark Books _cc1998 |
||
| 300 |
_a128 p. _c 26 cm. |
||
| 521 | _acollege students | ||
| 526 | _c1210L-1700L | ||
| 541 | _j1 | ||
| 562 | _e1 | ||
| 942 |
_2lcc _cBK _kM |
||
| 999 |
_c16403 _d16403 |
||